| 000 | 01360cab a2200277 4500 | ||
|---|---|---|---|
| 001 | ##L131947 | ||
| 008 | 051219n2005 000 0 eng u | ||
| 035 | _a(Sirsi) u131947 | ||
| 041 | 0 | _aeng | |
| 100 | 1 | _aSalmon, Kenneth T. | |
| 245 | 0 | 0 |
_aCases _bthe enforcement of adjudicator's awards under the Housing Grants Construction and Regeneration Act 1997 part 17 |
| 260 | _c2005 | ||
| 490 | 0 |
_aArbitration _v71(4) November 2005, 347-352(6) |
|
| 520 | _aReviews recent court decisions on the enforcement of an adjudicator's award under the Housing Grants Construction and Regeneration Act 1996. | ||
| 590 | _aIKA030106 | ||
| 650 | 2 | 4 | _aHOUSING GRANTS, CONSTRUCTION AND REGENERATION ACT 1996 |
| 650 | 2 | 4 | _aPALMAC CONTRACTING LTD V PARK LANE ESTATES LTD |
| 650 | 2 | 4 | _aGERIS HANDELSGESELLSCHAFT GMBH V LES CONSTRUCTIONS INDUSTRIELLES DE MEDITERRANNEE SA |
| 650 | 2 | 4 | _aRITCHIE BROTHERS (PWC) LTD V DAVID PHILP (COMMERCIALS) LTD |
| 650 | 2 | 4 | _aSCHEME FOR CONSTRUCTION CONTRACTS (SCOTLAND) REGULATIONS 1998 |
| 650 | 2 | 4 | _aCARILLION CONSTRUCTION LTD V DEVONPORT ROYAL DOCKYARD LTD |
| 650 | 2 | 4 | _aBALFOUR BEATTY CONSTRUCTION V SERCO LTD |
| 650 | 2 | 4 | _aWIMBLEDON CONSTRUCTION COMPANY 2000 LTD V DEREK VARGO |
| 690 | _aMANAGEMENT-DISPUTE AVOIDANCE, MANAGEMENT AND RESOLUTION-DISPUTE MANAGEMENT AND RESOLUTION-ARBITRATION-ARBITRATION AWARDS | ||
| 942 | _n0 | ||
| 999 |
_c76300 _d76300 |
||